Central Library OPAC University of Rajshahi

شرح قصيدة بانت سعاد /qasidat bant suead / (Record no. 80116)

MARC details
000 -LEADER
fixed length control field 01223nam a2200265 a 4500
001 - CONTROL NUMBER
control field 80116
003 - CONTROL NUMBER IDENTIFIER
rucl marc code BD-RjUL
005 - DATE AND TIME OF LATEST TRANSACTION
control field 20240206150159.0
008 - FIXED-LENGTH DATA ELEMENTS--GENERAL INFORMATION
fixed length control field 220725s1954 ua ||||| |||| 00| 0 r d
035 ## - SYSTEM CONTROL NUMBER
System control number (BD-RjUL)80116
040 ## - CATALOGING SOURCE
Original cataloging agency HAI
Language of cataloging eng
Transcribing agency BD-RjUL
041 0# - LANGUAGE CODE
Language code of text/sound track or separate title ara
082 ## - DEWEY DECIMAL CLASSIFICATION NUMBER
Edition number 23
Classification number 892.71092
Author mark and year KAQ 1954
100 0# - MAIN ENTRY--PERSONAL NAME
Personal name [Kaab bin Zuhair ] كعب بن زهير
9 (RLIN) 4119
245 10 - TITLE STATEMENT
Title شرح قصيدة بانت سعاد /qasidat bant suead /
Statement of responsibility, etc. likaeb bin zuhayr; sharah 'abi muhamad jamal aldiyn eabd allh bin hisham alansari ] لكعب بن زهير؛ شرح أبي محمد جمال الدين عبد الله بن هشام الانصاري
246 33 - VARYING FORM OF TITLE
Title proper/short title قصيدة بانت سعاد
Title proper/short title حاشية الاسعاد على بانت سعاد
260 ## - PUBLICATION, DISTRIBUTION, ETC. (IMPRINT)
Place of publication, distribution, etc. مصر :
Name of publisher, distributor, etc. مكتبة القاهرة ,
Date of publication, distribution, etc. 1954
300 ## - PHYSICAL DESCRIPTION
Pagination 16 ص. ؛
Size ٢٨ س.
500 ## - GENERAL NOTE
General note وبهامشه حاشية الاسعاد على بانت سعاد لابراهيم الباجوري
600 04 - SUBJECT ADDED ENTRY--PERSONAL NAME
Personal name Kab ibn Zuhayr.
Title of a work Qasidat al-Burdah
700 1# - ADDED ENTRY--PERSONAL NAME
Personal name ابن هشام، عبد الله بن يوسف،
Dates associated with a name 1309-1360
Personal name الباجوري، ابراهيم بن محمد،
Dates associated with a name 1783 أو 1784-1860
942 ## - ADDED ENTRY ELEMENTS (KOHA)
Source of classification or shelving scheme Dewey Decimal Classification
Koha item type Books
Holdings
Lost status Source of classification or shelving scheme Damaged status Not for loan Collection code Permanent Location Current Location Shelving location Date acquired Source of acquisition Full call number Date last seen Copy number Koha item type Total Checkouts
  Dewey Decimal Classification   Not For Loan Non-fiction Central Library, University of Rajshahi Central Library, University of Rajshahi Reading Room 20/05/1968 Kegan poul A 892.71092 KAQ 1954 25/07/2022 C-1 Books  
  Dewey Decimal Classification       Central Library, University of Rajshahi Central Library, University of Rajshahi General Stacks 20/05/1968 Kegan poul A 892.71092 KAQ 1954 25/07/2022 C-2 Books  
  Dewey Decimal Classification       Central Library, University of Rajshahi Central Library, University of Rajshahi General Stacks 20/05/1968 Kegan poul A 892.71092 KAQ 1954 25/07/2022 C-3 Books  
  Dewey Decimal Classification     Non-fiction Central Library, University of Rajshahi Central Library, University of Rajshahi General Stacks   Kegan poul U 892.71092 KAQ 1954 28/01/2024 C-4 Books  
  Dewey Decimal Classification     Non-fiction Central Library, University of Rajshahi Central Library, University of Rajshahi General Stacks   Kegan poul A 892.71092 KAQ 1954 28/01/2024 C-5 Books  
  Dewey Decimal Classification     Non-fiction Central Library, University of Rajshahi Central Library, University of Rajshahi General Stacks 06/02/2024   A 892.71092 KAQ 1954 06/02/2024 c-6 Books  
  Dewey Decimal Classification     Non-fiction Central Library, University of Rajshahi Central Library, University of Rajshahi General Stacks 20/05/1968 Kegan poul A 892.71092 KAQ 1954 08/02/2024 C-7 Books